000 00454nam a2200157Ia 4500
008 210716s2016 xx 000 0 und d
020 _a9789332573901
041 _aeng
082 _a004 BRYR
100 _aBryant, Randal E;O'Hallaron, David R.
245 _aComputer systems: a programmers perspective.
_bProgrammers perspective.
250 _a1
260 _aNew Delhi
_bPearson Education
_c2016
300 _a1120
650 _aComputer Fundamentals
999 _c196127
_d196127